000 00672nam a2200217Ia 4500
003 OSt
005 20221007074120.0
006 a|||||r|||| 00| 0
007 ta
008 221006b |||||||| |||| 00| 0 eng d
024 _a18,126
037 _cReports / Technical Reports
040 _aFLL
_cFLL
_beng
041 _2eng
_aeng
082 _aZb4, M1
245 0 _aProceedings of the workshop on establishment of legal services, clinics & legal cells in universities & law colleges
260 _aLucknow
_bU.P. Legal Aid & Advice Board India
_c1981
300 _a10p
_ccm.
942 _hZb4, M1
_cREP
_2CC
999 _c1151209
_d1151209